000 00699nas a2200241 4500
001 BR2019001079
003 BR-BrBNA
005 20231205131755.0
007 ta
008 230509b bl.|||p| |||| 00| 00por d
040 _aBR-BrBNA
_bpor
_cBiblioteca Nacional de Agricultura
041 _a(Pt)
072 _aS01
100 1 _aPorto, R.
100 1 _a
245 1 _aAlimentos biofortificados garantem espaço no território brasileiro
650 _aNUTRIÇÃO HUMANA
650 _aBATATA DOCE
650 _aALIMENTO TRANSGÊNICO
773 0 _tRevista Produz (Brazil)
_x1806-8103
_g(2013), v. 8(81) p.20-26
_wBR2019001079
909 _a202311
_bLúcia
_c55
_dLúcia Elande
942 _2AGRIS
_n0
_cANA
999 _c256613
_d256613